00685 2200253 4500001002100000005001500021035002000036007000300056008004100059020001800100082001000118084002000128084002000148084002000168100001900188245010200207250001000309260003200319300002800351600001300379990001300392990001300405990001300418INLIS00000000000931720231113025044 a0010-0623000111ta231113 g 0 ind  a9786025132148 a910.7 a910.7 MOM m C.1 a910.7 MOM m C.2 a910.7 MOM m C.30 amomon Sudarman1 aMetodologi Penelitian Geografi Ragam Perspektif dan Prosedur Penelitian Edisi 2 /cmomon Sudarman acet.1 aYogyakarta :bmobius,c2018 a318 hlm :bill ;c24 cm 4aGeografi a023.3348 a023.3349 a023.3350